|
|
|
|
| LEADER |
00000cam a2200000 c 4500 |
| 001 |
176355219 |
| 003 |
DE-627 |
| 005 |
20241231011117.0 |
| 007 |
tu |
| 008 |
950104s1956 sz ||||| 00| ||ger c |
| 016 |
7 |
|
|a 451409825
|2 DE-101
|
| 020 |
|
|
|c : 7.80 (Hlw.)
|
| 035 |
|
|
|a (DE-627)176355219
|
| 035 |
|
|
|a (DE-576)087399822
|
| 035 |
|
|
|a (DE-599)GBV176355219
|
| 035 |
|
|
|a (OCoLC)604770652
|
| 035 |
|
|
|a (OCoLC)38789932
|
| 040 |
|
|
|a DE-627
|b ger
|c DE-627
|e rakwb
|
| 041 |
|
|
|a ger
|h afr
|
| 044 |
|
|
|c XA-CH
|c XA-DE
|
| 084 |
|
|
|a 08a
|a 15a
|2 sdnb
|
| 084 |
|
|
|a 0
|2 ssgn
|
| 100 |
1 |
|
|8 1\p
|0 (DE-588)127547201X
|0 (DE-627)1826938923
|4 aut
|a Fula, Arthur Nuthall
|d 1908-1966
|
| 109 |
|
|
|a Fula, Arthur Nuthall 1908-1966
|a Fula, Arthur 1908-1966
|a Nuthall Fula, Arthur 1908-1966
|
| 240 |
1 |
0 |
|a Jôhannie giet die Beeld <dt.>
|
| 245 |
1 |
0 |
|a Im goldenen Labyrinth
|b Erzählung aus Johannesburg
|c Arthur Fula. [Berecht. Übers. aus d. Afrikaans von Emil Schwab. In Verbind. mit d. Schweizer Mission in Südafrika hrsg.]
|
| 263 |
|
|
|a Hlw. : 7.80
|
| 264 |
|
1 |
|a Basel
|b Basler Missionsbuchhandl.
|c [1956]
|
| 264 |
|
1 |
|a Stuttgart
|b Evang. Missionsverl.
|c [1956]
|
| 300 |
|
|
|a 167 S
|b mit Abb
|c 8
|
| 336 |
|
|
|a Text
|b txt
|2 rdacontent
|
| 337 |
|
|
|a ohne Hilfsmittel zu benutzen
|b n
|2 rdamedia
|
| 338 |
|
|
|a Band
|b nc
|2 rdacarrier
|
| 583 |
1 |
|
|a Archivierung prüfen
|c 20231104
|f DE-640
|z 3
|2 pdager
|
| 583 |
1 |
|
|a Archivierung/Langzeitarchivierung gewährleistet
|f PEBW
|x XA-DE-BW
|2 pdager
|5 DE-24
|
| 583 |
1 |
|
|a Archivierung prüfen
|c 20240324
|f DE-4165
|z 1
|2 pdager
|
| 601 |
|
|
|a Labyrinth
|
| 601 |
|
|
|a Johannesburg
|
| 700 |
1 |
|
|a Schwab, Emil
|e Übers.
|4 oth
|
| 700 |
1 |
2 |
|a Fula, Arthur Nuthall
|d 1908-1966
|t Jôhannie giet die Beeld <dt.>
|
| 883 |
|
|
|8 1\p
|a cgwrk
|d 20241001
|q DE-101
|u https://d-nb.info/provenance/plan#cgwrk
|
| 935 |
|
|
|a FRST
|a mteo
|
| 935 |
|
|
|i Blocktest
|
| 951 |
|
|
|a BO
|
| ELC |
|
|
|b 1
|
| LOK |
|
|
|0 000 xxxxxcx a22 zn 4500
|
| LOK |
|
|
|0 001 4274935043
|
| LOK |
|
|
|0 003 DE-627
|
| LOK |
|
|
|0 004 176355219
|
| LOK |
|
|
|0 005 20240914080606
|
| LOK |
|
|
|0 008 230220||||||||||||||||ger|||||||
|
| LOK |
|
|
|0 040
|a DE-Tue135
|c DE-627
|d DE-Tue135
|
| LOK |
|
|
|0 092
|o n
|
| LOK |
|
|
|0 852
|a DE-Tue135
|
| LOK |
|
|
|0 852 1
|9 00
|
| LOK |
|
|
|0 866
|x SPQUE#Bibliothek der Franckeschen Stiftungen#SPSAM#Bibliothek des Leipziger Missionswerkes#SPUSM#Bestand der Missionsbibliothek in Leipzig#SPSYS#misb_systematik_A
|
| LOK |
|
|
|0 935
|a FRST
|a lemw
|a misb
|
| LOK |
|
|
|0 939
|a 20-02-23
|b l01
|
| ORI |
|
|
|a SA-MARC-ixtheoa001.raw
|
| REL |
|
|
|a 1
|
| SUB |
|
|
|a REL
|